A report by the Civil Engineering Committee of the Institute of Quantity Surveyors on procedure in connection with the ICE Conditions of Contract fourth edition (January 1955) (Record no. 113209)

MARC details
000 -LEADER
fixed length control field 00695cam a22001935a 4500
001 - CONTROL NUMBER
control field L154869
008 - FIXED-LENGTH DATA ELEMENTS--GENERAL INFORMATION
fixed length control field 120124s1972 xxk f 000 0 eng d
035 ## - SYSTEM CONTROL NUMBER
System control number (Sirsi) u154869
041 0# - LANGUAGE CODE
Language code of text/sound track or separate title eng
050 04 - LIBRARY OF CONGRESS CALL NUMBER
Classification number 624 $2 18
110 2# - MAIN ENTRY--CORPORATE NAME
Corporate name or jurisdiction name as entry element Institute of Quantity Surveyors
9 (RLIN) 2491
245 02 - TITLE STATEMENT
Title A report by the Civil Engineering Committee of the Institute of Quantity Surveyors on procedure in connection with the ICE Conditions of Contract fourth edition (January 1955)
260 ## - PUBLICATION, DISTRIBUTION, ETC.
Place of publication, distribution, etc. London
Name of publisher, distributor, etc. IQS
Date of publication, distribution, etc. 1972
300 ## - PHYSICAL DESCRIPTION
Extent 34p.
Dimensions 30cm.
520 ## - SUMMARY, ETC.
Summary, etc. A clause-by clause procedural guide to the ICE Conditions of Contract.
651 #4 - SUBJECT ADDED ENTRY--GEOGRAPHIC NAME
Geographic name United Kingdom
Chronological subdivision
690 ## - LOCAL SUBJECT ADDED ENTRY--TOPICAL TERM (OCLC, RLIN)
Topical term or geographic name as entry element Quantity surveying
9 (RLIN) 6263
942 ## - ADDED ENTRY ELEMENTS (KOHA)
Suppress in OPAC 0
Holdings
Withdrawn status Lost status Source of classification or shelving scheme Damaged status Not for loan Home library Current library Shelving location Date acquired Total Checkouts Full call number Barcode Date last seen Copy number Price effective from Koha item type
    Dewey Decimal Classification     London London Basement 24/01/2012   RESERVE 30077017 06/08/2019 1 06/08/2019 Book